000 00261nam a22001217a 4500
008 180920b xxu||||| |||| 00| 0 eng d
041 _aeng
080 _a616.35
100 _a9
101 _aHEM
245 _aHematology 2014
_cAnderson.K.C
942 _2udc
_cBK
999 _c48123
_d48123